Statistics for Most Common First Names in Turkey

Click here to take the quiz!

General Stats

  • This quiz has been taken 150 times
  • The average score is 17 of 96

Answer Stats

Name% Correct
Mehmet
73%
Zeynep
71%
Ömer
68%
Ali
67%
Muhammed
60%
Yusuf
57%
Mustafa
53%
Ahmet
52%
Emre
52%
Elif
45%
Fatma
44%
Ayşe
43%
Yunus
41%
Hasan
38%
Deniz
37%
Emin
37%
Hatice
37%
Burak
32%
Zehra
31%
Emir
30%
Hüseyin
30%
Nur
29%
İbrahim
26%
Mert
25%
Emine
23%
Faruk
23%
Melisa
23%
Arda
19%
Eren
19%
Abdullah
18%
Enes
18%
İrem
18%
Asmin
17%
Merve
17%
Yağmur
16%
Defne
15%
İsmail
15%
Kerem
15%
Meryem
15%
Yakup
15%
Esma
14%
Furkan
14%
Nisa
14%
Yasin
14%
Yiğit
14%
Büşra
12%
Eylül
12%
Eymen
12%
Umut
12%
Azra
11%
Melek
11%
Asya
10%
Damla
10%
Asaf
9%
Beren
9%
Duru
9%
Ecrin
9%
Hira
9%
Yaren
9%
Berat
8%
Ela
8%
Sümeyye
8%
Alperen
7%
Derin
7%
Hamza
7%
Miray
7%
Nehir
7%
Öykü
7%
Ada
6%
Aras
6%
Betül
6%
Emirhan
6%
Ertuğrul
5%
Miraç
5%
Rabia
5%
Talha
5%
Çinar
4%
Metehan
4%
Toprak
4%
Ayaz
3%
Cemre
3%
Esila
3%
Eslem
3%
Poyraz
3%
Rüzgar
3%
Buğlem
2%
Bünyamin
2%
Elanur
2%
Erva
2%
İkra
2%
Sare
2%
Belinay
1%
Esmanur
1%
Hiranur
1%
Nisanur
1%
Zümra
1%

Score Distribution

Percentile by Number Answered

Percent of People with Each Score

Your Score History

You have not taken this quiz